|
|
|
|
| LEADER |
00000cam a2200000 i 4500 |
| 001 |
1/60006 |
| 008 |
020403s2000 gr | ||| |||| ||gre|| |
| 020 |
|
|
|a 9608050200
|
| 035 |
|
|
|l 10000597
|
| 040 |
|
|
|a GR-MyUa
|b gre
|e AACR2
|
| 041 |
1 |
|
|a gre
|h eng
|
| 082 |
7 |
|
|a 621.3825
|2 (22)
|
| 100 |
1 |
|
|a Maral, Gerard.
|
| 245 |
1 |
0 |
|a Δορυφορικές επικοινωνίες :
|b συστήματα, τεχνικές και τεχνολογία /
|c G. Maral, M. Bousquet ; επιμέλεια μετάφρασης Ιωάννης Οδ. Βαρδιαμπασης, Γεώργιος Ε. Χατζαράκης.
|
| 250 |
|
|
|a 3η εκδ.
|
| 260 |
|
|
|a Θεσσαλονίκη :
|b Τζιόλα,
|c 2000.
|
| 300 |
|
|
|a 872 σ. ;
|c 24 εκ.
|
| 500 |
|
|
|a Τίτλος πρωτοτύπου: Satellite communications systems, systems techniques and technology.
|
| 504 |
|
|
|a Περιλαμβάνει ευρετήριο.
|
| 650 |
|
0 |
|a Artificial satellites in telecommunication.
|
| 700 |
1 |
|
|a Bousquet, Michel,
|e aut
|
| 852 |
|
|
|a INST
|b SAMOS
|e 20020403
|h 621.3825 MAR
|p 005300020212
|q 005300020212
|t BK
|y 23
|
| 852 |
|
|
|a INST
|b SAMOS
|e 20130118
|h 621.3825 MAR
|p 005300033481
|q 005300033481
|t BK
|y 0
|
| 852 |
|
|
|a INST
|b SAMOS
|e 20130118
|h 621.3825 MAR
|p 005300033483
|q 005300033483
|t BK
|y 0
|
| 852 |
|
|
|a INST
|b SAMOS
|e 20111201
|h 621.3825 MAR
|p 005300034228
|q 005300034228
|t BK
|y 0
|
| 852 |
|
|
|a INST
|b SAMOS
|e 20111201
|h 621.3825 MAR
|p 005300034229
|q 005300034229
|t BK
|y 0
|
| 852 |
|
|
|a INST
|b SAMOS
|e 20111201
|h 621.3825 MAR
|p 005300034230
|q 005300034230
|t BK
|y 0
|
| 852 |
|
|
|a INST
|b SAMOS
|e 20111201
|h 621.3825 MAR
|p 005300034231
|q 005300034231
|t BK
|y 0
|
| 901 |
|
|
|a BIBL3-2013-1
|
| 901 |
|
|
|a BIBL3-2011-3
|
| 901 |
|
|
|a BIBL3-2002-1
|
| 922 |
|
|
|a 3ΕΛΗ
|b 200002
|c ΤΠΕΣ/ΠΟΛ
|d LEADER
|
| 970 |
|
|
|a ΜΑΛΑΓΑΡΗ
|b ΦΩΤΕΙΝΗ
|z 2002/04/03
|